Quiz sur Cendrillon (Disney) - Statistiques

Statistiques générales
  • Ce quiz a été pris 1 718 fois
  • Le résultat moyen est 13 sur 19
Statistiques - réponses
Question Réponse % Correct
De quelle couleur est le ruban que Cendrillon a dans les cheveux ? Bleu
98%
Quel légume marraine la bonne-fée transforme-t-elle en carrosse ? Une citrouille
94%
De quelle couleur est la robe que les souris confectionnent pour Cendrillon ? Rose
93%
Comment s'appelle la belle-sœur de Cendrillon, habillée en vert ? Javotte
91%
Quels personnages marraine la bonne-fée transforme-t-elle en chevaux ? Les souris
90%
Comment s'appelle la souris mâle et enrobée, prise dans un piège au début du film ? Gus
89%
Comment s'appelle la belle-sœur de Cendrillon, habillée en rose ? Anastasie
87%
De quelle couleur est son t-shirt ? Jaune
84%
Comment s'appelle le chat de la maison ? Lucifer
79%
Complétez cette citation : "Le rêve d'une vie c'est l'..." amour
77%
Où les souris récupèrent-elles la clé de la chambre de Cendrillon ? Dans {la} {poche} de la marâtre
65%
Comment s'appelle la souris mâle, mince et qui bégaye? Jac
65%
Quel animal marraine la bonne-fée transforme-t-elle en cocher ? Un cheval
56%
Complétez cette citation : "Même l'... me donne des ordres. Mais jamais personne ne pourra m'interdire de rêver." horloge
49%
Quelle est le nom de famille de la marâtre ? Trémaine
44%
A l'arrivée du messager du roi, les belles-soeurs répètent une chanson, dont le titre comporte le nom d'un oiseau. Quel est cet oiseau ? Le rossignol
42%
Comment s'appelle le chien de la maison ? Pataud
28%
Quelle excuse Cendrillon donne-t-elle lorsqu'elle s'enfuit du bal à minuit ? Elle n'a pas vu {le} {prince}
20%
De quelle chanson est extraite cette citation ? Tendre rêve
19%
Aucun quiz correspondant
Distribution des résultats
% des personnes avec chaque résultat
Percentile par nombre de réponses
Votre historique - résultats
Vous n’avez pas pris ce quiz